00463nam a22001457a 450000500170000000800410001702000150005804100120007308200120008510000420009724500750013926000470021430000310026165000250029220231114070926.0231114b |||||||| |||| 00| 0 eng d a0702103829 aEnglish a345 SOU aBurchell, EM and Hunt, PMA lEnglish  aSouth African Criminal Law and Procedure / cEM Burchell and PMA Hunt  aCape Town : bJuta and Company Ltd, c1972 bxv, 98 pages ; c25,5 cm.  aLegal practice bLaw